000 02431nam a22002537a 4500
005 20250422093120.0
008 250417b |||||||| |||| 00| 0 eng d
020 _a9789356060128
040 _cAIMIT LIBRARY
082 _29
_a338.5
_bPINR
100 _aPindyck, Robert S.
_9208510
245 _aMicroeconomics /
_cBy Robert S Pindyck, Daniel L Rubinfeld and Sreejata Banerjee.
250 _a9th ed.
260 _aNew Delhi :
_bPearson ,
_c2024.
300 _axxviii,756p. ;
_bPB
_c25.5 cm
500 _aMicroeconomics exposes readers to topics that play a central role in microeconomics. From game theory and competitive strategy, to the roles of uncertainty and information, and the analysis of pricing by firms with market power, the text helps you understand what’s going on in the world of business. It also shows you how microeconomics can be used as a practical tool for decision-making and for designing and understanding public policy. The 9th Edition further illustrates microeconomics’ relevance and usefulness with new coverage and examples, and an improved exposition that is clear and accessible as well as lively and engaging. With Microeconomics, you will be able to fully appreciate how a modern economy functions
505 _aIntroduction: markets and prices. Preliminaries The basics of supply and demand Producers, consumers, and competitive markets. Consumer behavior Individual and market demand Uncertainty and consumer behavior Production The cost of production Profit maximization and competitive supply The analysis of competitive markets Market structure and competitive strategy. Market power: monopoly and monopsony Pricing with market power Monopolistic competition and oligopoly Game theory and competitive strategy Market for factor inputs Investment, time, and capital markets Information, market failure, and the role of government. General equilibrium and economic efficiency Markets with assymetric information Externalities and public goods Behavioral economics Appendix: the basics of regression Glossary Answers to selected exercises Photo credits Index
650 _aIntroduction : markets and prices
_9208511
650 _aProducers consumers and competitive markets
_9208512
650 _aInformation market failure and the role of government
_9208513
700 _aRubinfeld, Daniel L.
_9208514
700 _aBanerjee, Sreejata.
_9208515
942 _2ddc
_cBK
_e9th
_k338.5 PINR
999 _c234178
_d234178